The yami of lan-yu island portrait of a culture in transition /

Gespeichert in:
Bibliographische Detailangaben
1. Verfasser: Smith, Douglas C.
Format: Buch
Sprache:English
Veröffentlicht: USA : Phi Delta Kappa Educational Foundation, 1998
Schlagworte:
Tags: Tag hinzufügen
Keine Tags, Fügen Sie den ersten Tag hinzu!

MARC

LEADER 00000nam a2200000Ia 4500
008 150723b1998 U ||||| |||| 00| | eng d
020 |a 0873678117 
090 |a 05.02.01   |b 1206 
100 1 |a Smith, Douglas C.  |9 377 
245 1 0 |a The yami of lan-yu island portrait of a culture in transition /   |c Douglas C. Smith 
260 |a USA :   |b Phi Delta Kappa Educational Foundation,   |c 1998 
300 |a 85 páginas 
500 |a Material en idioma inglés 
650 1 4 |a INDÍGENAS  |9 427 
650 1 4 |a CULTURA   |9 378 
650 1 4 |a ANTROPOLOGíA   |9 428 
650 1 4 |a EDUCACIÓN  |9 1 
942 |i 001933  |h 05.02.01 1206  |2 z  |c 01 
999 |c 73  |d 73